000 00888nam a2200265Ia 4500
003 OSt
005 20220918110214.0
006 a|||||r|||| 00| 0
007 ta
008 220915b |||||||| |||| 00| 0 eng d
020 _a8187586206 (hbk)
_c2100
024 _a20,156
037 _bBBS/148, 27/03/2015, Better Book Services
_cReference Collections
040 _aARTS
_cARTS
_beng
041 _2eng
_aeng
082 _az2, N9.11,2(RR)
100 _aChattopadhyaya D P Ed.
245 0 _aHistory of indian science philosophy and culture in Indian civilization
260 _aNew Delhi
_bCentre for Studies India
_c2005
300 _axxxv,496p.
490 _vVol.11, Part 2
650 _aPHILOSOPHY
942 _hz2, N9.11,2(RR)
_cREF
999 _c111581
_d111581